000 00335nam a2200121Ia 4500
008 240731s9999 xx 000 0 und d
022 _a1465-346X
245 0 _aInternational Journal of Disability, Development and Education
260 _bRoutledge
856 _uhttps://www.tandfonline.com/loi/cijd20
942 _2ddc
942 _cTFEJ
999 _c77085
_d77085
945 _a1
_bMadushi Gamage
_c1
_dMadushi Gamage